Metodología de las ciencias físicas /

Guardado en:
Autor Principal: Valls, Vicente
Formato: Libro
Publicado: Buenos Aires : Losada, 1960
Edición:4a. ed.
Series:Cuadernos de Trabajo
Materias:
Etiquetas: Agregar Etiqueta
Sin Etiquetas, Sea el primero en etiquetar este registro!
LEADER 00885nam a22002535a 4500
001 CEM.cems006419
005 20060214000000.0
008 130507s1960##################000#0#####d
003 CEMS
082 0 4 |a 372.853 
100 1 |a Valls, Vicente 
245 1 0 |a Metodología de las ciencias físicas / 
250 |a 4a. ed. 
260 |a Buenos Aires :  |b Losada,  |c 1960 
300 |a 114 p. 
490 0 |a Cuadernos de Trabajo 
653 |a Física-didactica 
653 |a Educacion 
653 |a Didactica de la física 
859 |a CEMS  |b BIB. CEMS - 11 de abril  |h 372.853  |i V245A4  |p 3717.75  |t Ej.1 
859 |a CEMS  |b BIB. CEMS - 11 de abril  |h 372.853  |i V245A4  |p 3718.75  |t Ej.2 
859 |a CEMS  |b BIB. CEMS - 11 de abril  |h 372.853  |i V245A4  |p 3719.75  |t Ej.3 
859 |a CEMS  |b BIB. CEMS - 11 de abril  |h 372.853  |i V245A4  |p 98979.75  |t Ej.4 
859 |a CEMS  |b BIB. CEMS - 11 de abril  |h 372.853  |i V245A4  |p 99999.75  |t Ej.5